• 首页
  • 本馆介绍
  • 公告通知
  • 最新文献
  • 馆藏检索
  • 电子资源
  • 读者导购
  • 参考咨询
  • 我的图书馆
  • 登录
  • 详细信息显示
  • 放入我的书架
  • 预约/预借图书
  • 作者相关作品
  • 分类相关作品
  • 丛书相关作品
  • 出版社相关作品

书目信息

  • 表格格式
  • 工作单格式
  • 卡片格式
题名:
杨贵妃传奇研究
    
 
作者: 江丽容 , 徐前荣 编著
分册:  
出版信息: 北京   中国言实出版社  2014
页数: 510页
开本: 24cm
丛书名:
单 册:
中图分类: K828.5=422
科图分类:
主题词:
电子资源:
ISBN: 978-7-5171-0550-3
000 00827nam0 2200253 450
001 338977
005 20150604153807.37
010    @a978-7-5171-0550-3@dCNY79.00
100    @a20141101d2014 em y0chiy50 ea
101 0  @aeng@gchi
102    @aCN@b110000
105    @ay z 000yd
106    @ar
200 1  @a杨贵妃传奇研究@Ayang gui fei chuan qi yan jiu@d= On the legend of Noble Concubine Yang@f江丽容, 徐前荣编著@zeng
210    @a北京@c中国言实出版社@d2014
215    @a510页@d24cm
300    @a获2013宜宾学院学术专著出版基金资助出版
510 1  @aOn the legend of Noble Concubine Yang@zeng
600  0 @a杨贵妃@f(719-756)@x人物研究@j英文
690    @aK828.5=422@v5
701  0 @a江丽容@Ajiang li rong@4编著
701  0 @a徐前荣@Axu qian rong@4编著
801  0 @aCN@b卓展宏图@c20150525
905    @dK828.5=422@e51JL@f4
    
    杨贵妃传奇研究= On the legend of Noble Concubine Yang/江丽容, 徐前荣编著.-北京:中国言实出版社,2014
    510页;24cm
    获2013宜宾学院学术专著出版基金资助出版
    
    ISBN 978-7-5171-0550-3:CNY79.00
    
●
相关链接 在E读中查询图书 在五车中查询图书 在当当中查询图书 在豆瓣中查询图书


正题名:杨贵妃传奇研究     索取号:K828.5=422/51JL         预约/预借

序号 登录号 条形码 馆藏地/架位号 状态 备注
1 858765   208587652   第二样本阅览室/ [索取号:K828.5=422/51JL] 在馆    
2 858766   208587661   第二借阅区/ [索取号:K828.5=422/51JL] 在馆    
3 858767   208587670   第二借阅区/ [索取号:K828.5=422/51JL] 在馆    
4 858768   208587689   第二借阅区/ [索取号:K828.5=422/51JL] 在馆    
唐山师范学院图书馆 欢迎您!
大连网信软件有限公司© 版权所有